000 00848nas a2200265 4500
001 BR0403721
003 BR-BrBNA
005 20231205104732.0
007 ta
008 230509b bl.|||p| |||| 00| 00por d
040 _aBR-BrBNA
_bpor
_cBiblioteca Nacional de Agricultura
041 _a(Pt)
072 _aE71
100 1 _aContini, E.
245 1 _aAgricultura e política agrícola comum da União Européia
650 _aMERCADO INTERNACIONAL
650 _aPOLÍTICA GOVERNAMENTAL
650 _aEXPORTAÇÃO
650 _aPRODUÇÃO AGRÍCOLA
650 _aSUBSÍDIO
773 0 _tRevista de Política Agrícola (Brazil)
_xISSN 1413-4969
_g(Jan-Mar 2004), v. 13(1) p. 30-46
_wBR0403721
856 4 _uRev_Pol_Agr_v13_n1-2004.pdf#page=31
_yRecurso eletrônico (PDF)
909 _a202311
_bLúcia
_c55
_dLúcia Elande
942 _2AGRIS
_n0
_cANA
999 _c179472
_d179472